[Event "Simcoe Day ch"]
[Site "Toronto CAN"]
[Date "2001.08.04"]
[Round "2"]
[White "Gurevich, Artjom"]
[Black "Beaudry, Lukas"]
[Result "0-1"]
[WhiteElo "2328"]
[BlackElo "1945"]
[PlyCount "72"]
[GameId "2160767911555313"]
[EventDate "2001.08.04"]
[EventType "swiss"]
[EventRounds "6"]
[EventCountry "CAN"]

1. d4 d5 2. Nf3 Nf6 3. c4 c6 4. Nc3 a6 5. Qc2 e6 6. e4 dxe4 7. Nxe4 Be7 8. Bd3 Nbd7 9. Neg5 h6 10. Nxe6 fxe6 11. Bg6+ Kf8 12. O-O Kg8 13. Ne5 Nxe5 14. dxe5 Nh7 15. Be3 Nf8 16. Bh5 Bd7 17. Rad1 Qc7 18. f4 Be8 19. Bg4 g6 20. c5 Rd8 21. Bd4 Rh7 22. Kh1 Bf7 23. a3 Qa5 24. b4 Qc7 25. Qe4 Rg7 26. Rd3 g5 27. Rh3 gxf4 28. Rxf4 Bg5 29. Rf6 Qd7 30. Be3 Bg6 31. Bxe6+ Qxe6 32. Rxe6 Bxe4 33. Rd6 Bxe3 34. Rxe3 Bxg2+ 35. Kg1 Bd5+ 36. Kf2 Ne6 0-1

[Event "Simcoe Day ch"]
[Site "Toronto CAN"]
[Date "2001.08.05"]
[Round "3"]
[White "Beaudry, Lukas"]
[Black "Rubinovski, Vladimir"]
[Result "1-0"]
[WhiteElo "1945"]
[BlackElo "2023"]
[PlyCount "47"]
[GameId "2160767911555314"]
[EventDate "2001.08.04"]
[EventType "swiss"]
[EventRounds "6"]
[EventCountry "CAN"]

1. e4 g6 2. d4 Bg7 3. Nf3 d6 4. Be2 Nf6 5. Nc3 O-O 6. h3 c5 7. Be3 b6 8. O-O Bb7 9. e5 Nfd7 10. e6 fxe6 11. Ng5 Rf6 12. d5 e5 13. Nce4 Nf8 14. Bg4 Rf5 15. Ng3 Rf6 16. f4 h5 17. Be6+ Nxe6 18. Nxe6 Qc8 19. f5 Na6 20. fxg6 Rxg6 21. Nxg7 Rxg3 22. Nf5 Bxd5 23. Nxe7+ Kg7 24. Qxd5 1-0

[Event "Simcoe Day ch"]
[Site "Toronto CAN"]
[Date "2001.08.05"]
[Round "3"]
[White "Dutton, Warren"]
[Black "Gurevich, Artjom"]
[Result "0-1"]
[WhiteElo "1902"]
[BlackElo "2328"]
[PlyCount "86"]
[GameId "2160767911555315"]
[EventDate "2001.08.04"]
[EventType "swiss"]
[EventRounds "6"]
[EventCountry "CAN"]

1. e4 c5 2. Nf3 e6 3. d4 cxd4 4. Nxd4 a6 5. Bd3 Bc5 6. Nb3 Be7 7. Qg4 g6 8. O-O d6 9. Qg3 Nd7 10. Nc3 Ngf6 11. Rd1 O-O 12. Be2 Qc7 13. h3 b5 14. a3 Bb7 15. Bh6 Rfd8 16. Nd2 Rac8 17. Qe3 Nc5 18. Rac1 Bc6 19. Bf3 a5 20. e5 dxe5 21. Bxc6 Qxc6 22. Qxe5 b4 23. axb4 axb4 24. Ne2 Rd5 25. Qe3 Rcd8 26. Qf3 Qd7 27. Ng3 b3 28. Re1 Rxd2 29. Bxd2 Qxd2 30. Red1 Qa5 31. Rxd8+ Qxd8 32. cxb3 Qd5 33. b4 Qxf3 34. gxf3 Nd3 35. Rc8+ Kg7 36. b5 Nd5 37. b3 Ne5 38. f4 Nd7 39. Ne2 Bc5 40. Kg2 Kf6 41. Kf3 Ke7 42. Rh8 Nf8 43. Ng3 f5 0-1

[Event "Simcoe Day ch"]
[Site "Toronto CAN"]
[Date "2001.08.05"]
[Round "4"]
[White "Dutton, Warren"]
[Black "Buscar, Michael"]
[Result "1-0"]
[WhiteElo "1902"]
[BlackElo "2149"]
[PlyCount "65"]
[GameId "2160767911555316"]
[EventDate "2001.08.04"]
[EventType "swiss"]
[EventRounds "6"]
[EventCountry "CAN"]

1. e4 c5 2. Nc3 Nc6 3. g3 g6 4. Bg2 Bg7 5. d3 e6 6. Be3 d6 7. Qd2 h6 8. Nge2 Nge7 9. O-O b6 10. h3 Bb7 11. Kh2 Qd7 12. f4 f5 13. Rae1 O-O-O 14. d4 e5 15. fxe5 cxd4 16. Nxd4 Nxd4 17. Qxd4 Bxe5 18. Qc4+ Kb8 19. Bf4 Bxf4 20. Rxf4 fxe4 21. Rf7 d5 22. Qd4 Qe6 23. Qg7 Rde8 24. Ref1 Rhg8 25. Qxh6 Qe5 26. R1f4 Bc8 27. Bf1 Bf5 28. Qg5 e3 29. Ra4 d4 30. Ne2 Nc6 31. Bg2 Bxc2 32. Qxe5+ Nxe5 33. Rb7+ 1-0

[Event "Simcoe Day ch"]
[Site "Toronto CAN"]
[Date "2001.08.05"]
[Round "4"]
[White "Ochkoos, Jura"]
[Black "Beaudry, Lukas"]
[Result "1-0"]
[WhiteElo "2390"]
[BlackElo "2008"]
[PlyCount "59"]
[GameId "2160767911555317"]
[EventDate "2001.08.04"]
[EventType "swiss"]
[EventRounds "6"]
[EventCountry "CAN"]

1. d4 d5 2. c4 c6 3. cxd5 cxd5 4. Nc3 e6 5. Nf3 Nf6 6. Bg5 Be7 7. e3 O-O 8. Bd3 a6 9. O-O Nbd7 10. Qc2 Re8 11. Rfc1 Nf8 12. a3 Bd7 13. b4 Rc8 14. Qb2 Ng6 15. Qb1 Bd6 16. Ra2 a5 17. b5 b6 18. Na4 Rxc1+ 19. Qxc1 Qb8 20. Bxf6 gxf6 21. Nc3 Rc8 22. Rc2 Kg7 23. g3 Rc7 24. a4 Bc8 25. Bf1 Bb7 26. Ne2 e5 27. Rxc7 Bxc7 28. Bh3 e4 29. Ne1 Qd8 30. Ng2 1-0

[Event "Simcoe Day ch"]
[Site "Toronto CAN"]
[Date "2001.08.06"]
[Round "5"]
[White "Masse, Hugues"]
[Black "Dutton, Warren"]
[Result "1-0"]
[WhiteElo "2144"]
[BlackElo "1902"]
[PlyCount "91"]
[GameId "2160767911555319"]
[EventDate "2001.08.04"]
[EventType "swiss"]
[EventRounds "6"]
[EventCountry "CAN"]

1. e4 e5 2. Nc3 Nc6 3. Bc4 Nf6 4. d3 a6 5. f4 Bb4 6. Nf3 d5 7. exd5 Nxd5 8. Bxd5 Qxd5 9. O-O Bxc3 10. bxc3 Qc5+ 11. Kh1 Bg4 12. Qe1 Bxf3 13. Rxf3 O-O-O 14. Bd2 Rhe8 15. fxe5 Rxe5 16. Qf1 Rh5 17. Rxf7 Kb8 18. Qf2 Qxf2 19. Rxf2 g6 20. c4 Re5 21. Bc3 Re6 22. Kg1 Nd4 23. Kf1 c5 24. Re1 Rxe1+ 25. Kxe1 Ka7 26. g3 Rd6 27. Kd2 h5 28. Bxd4 Rxd4 29. Rf6 Rg4 30. Ke3 b5 31. cxb5 axb5 32. Rf4 Rg5 33. c3 Kb6 34. d4 cxd4+ 35. cxd4 b4 36. Re4 Ra5 37. Re6+ Kc7 38. Rxg6 Rxa2 39. h4 Ra3+ 40. Kd2 Kd7 41. Ke2 Rc3 42. Kf2 Rd3 43. Rg5 Rxd4 44. Rxh5 Kc6 45. Rh8 Rd1 46. h5 1-0

[Event "Southern Alberta op"]
[Site "Calgary CAN"]
[Date "2001.11.17"]
[Round "1"]
[White "Pivovarov, Juraj"]
[Black "Gardner, Robert"]
[Result "0-1"]
[WhiteElo "1843"]
[BlackElo "2252"]
[PlyCount "62"]
[GameId "2160767911484906"]
[EventDate "2001.11.17"]
[EventType "swiss"]
[EventRounds "5"]
[EventCountry "CAN"]

1. c4 e5 2. g3 Nc6 3. Bg2 g6 4. Nc3 Bg7 5. e4 Nge7 6. Nge2 d6 7. O-O Be6 8. d3 Qd7 9. Nd5 h6 10. Nec3 Nd4 11. Be3 c6 12. Nb4 Bh3 13. Bxd4 exd4 14. Ne2 h5 15. Nf4 Bxg2 16. Nxg2 O-O-O 17. f4 f5 18. Re1 fxe4 19. dxe4 Bf6 20. h4 Rhe8 21. Nd3 Ng8 22. Re2 Nh6 23. Nf2 Qe6 24. Qa4 a6 25. Rc1 Nf5 26. Kh2 Ne3 27. Ne1 Ng4+ 28. Nxg4 Qxg4 29. Rcc2 Bxh4 30. gxh4 Qxf4+ 31. Kg1 d3 0-1

[Event "Southern Alberta op"]
[Site "Calgary CAN"]
[Date "2001.11.17"]
[Round "2"]
[White "Ibach, Horst"]
[Black "Pivovarov, Juraj"]
[Result "0-1"]
[WhiteElo "1432"]
[BlackElo "1843"]
[PlyCount "68"]
[GameId "2160767911484907"]
[EventDate "2001.11.17"]
[EventType "swiss"]
[EventRounds "5"]
[EventCountry "CAN"]

1. e4 c5 2. Nf3 Nc6 3. d4 cxd4 4. Nxd4 g6 5. b3 Bg7 6. Bb2 Nf6 7. Nc3 Qa5 8. Qd3 Nxe4 9. Nxc6 dxc6 10. Rd1 Bxc3+ 11. Bxc3 Qxc3+ 12. Qxc3 Nxc3 13. Ra1 Bf5 14. Bd3 Bxd3 15. cxd3 O-O-O 16. Kd2 Ne4+ 17. Ke3 Nf6 18. h3 e5 19. Rhe1 Rd5 20. Rad1 Rhd8 21. Rd2 Nh5 22. g4 Nf4 23. Red1 Nxh3 24. Rh1 Ng5 25. f4 exf4+ 26. Kxf4 R8d6 27. Re1 Rf6+ 28. Kg3 Rf3+ 29. Kg2 Rd4 30. Re8+ Kd7 31. Rde2 Rxg4+ 32. Kh1 Rh3+ 33. Rh2 Nf3 34. Re1 Rxh2# 0-1

[Event "Southern Alberta op"]
[Site "Calgary CAN"]
[Date "2001.11.17"]
[Round "3"]
[White "Pivovarov, Juraj"]
[Black "Sorgard, Graham"]
[Result "1/2-1/2"]
[WhiteElo "1843"]
[BlackElo "1787"]
[PlyCount "104"]
[GameId "2160767911484908"]
[EventDate "2001.11.17"]
[EventType "swiss"]
[EventRounds "5"]
[EventCountry "CAN"]

1. c4 Nf6 2. g3 g6 3. Bg2 Bg7 4. Nc3 O-O 5. e4 Nc6 6. Nge2 e5 7. O-O d6 8. f4 Bg4 9. h3 Bxe2 10. Nxe2 Nh5 11. f5 Nd4 12. Nxd4 exd4 13. Qf3 Be5 14. g4 Nf4 15. d3 g5 16. Bd2 Kg7 17. Kf2 Rh8 18. Rh1 Qd7 19. h4 h6 20. a4 a6 21. Bf1 Rab8 22. Be2 b5 23. a5 bxc4 24. hxg5 hxg5 25. Rxh8 Rxh8 26. Bxf4 Bxf4 27. Rh1 Rxh1 28. Qxh1 c3 29. bxc3 dxc3 30. Bd1 Qb5 31. f6+ Kxf6 32. Qh8+ Ke7 33. Qxc3 Kd7 34. Bb3 Be5 35. Qc4 Qxc4 36. Bxc4 Bc3 37. Bxf7 Kc6 38. Bc4 Kb7 39. Ke3 Bxa5 40. d4 Bb6 41. Kd3 c5 42. Bd5+ Kc7 43. dxc5 Bxc5 44. Kc4 Bf2 45. Kd3 Kd7 46. Bb3 Ke7 47. Ba4 a5 48. Bc6 Ke6 49. Bb5 Ke5 50. Bd7 Bd4 51. Bf5 d5 52. exd5 Kxd5 1/2-1/2

[Event "Southern Alberta op"]
[Site "Calgary CAN"]
[Date "2001.11.18"]
[Round "4"]
[White "Eshleman, Brandon"]
[Black "Pivovarov, Juraj"]
[Result "1-0"]
[WhiteElo "1829"]
[BlackElo "1843"]
[PlyCount "83"]
[GameId "2160767911484909"]
[EventDate "2001.11.17"]
[EventType "swiss"]
[EventRounds "5"]
[EventCountry "CAN"]

1. e4 e6 2. d4 d5 3. e5 c5 4. c3 Nc6 5. Nf3 Nge7 6. Bd3 Nf5 7. g4 Nh4 8. Nbd2 Ng2+ 9. Kf1 Nf4 10. Bc2 Be7 11. Nb3 Ng6 12. Nxc5 Bxc5 13. dxc5 Ngxe5 14. Nxe5 Nxe5 15. Qd4 f6 16. Bf4 Nc6 17. Qa4 e5 18. Bg3 Bd7 19. Qb3 Na5 20. Qb4 Nc6 21. Qb3 Ne7 22. Rg1 Bc6 23. Rd1 Qd7 24. f3 g5 25. h4 h6 26. h5 O-O-O 27. Kf2 e4 28. Bxe4 Ba4 29. Qa3 f5 30. gxf5 Nxf5 31. Rxd5 Qxd5 32. Bxd5 Rxd5 33. Qxa4 Rhd8 34. Kg2 Ne3+ 35. Kh3 Rf8 36. Qe4 Rxf3 37. Qe8+ Rd8 38. Qe6+ Rd7 39. c6 g4+ 40. Kh2 bxc6 41. Qe8+ Rd8 42. Qxc6# 1-0

[Event "Southern Alberta op"]
[Site "Calgary CAN"]
[Date "2001.11.18"]
[Round "5"]
[White "Milne, Arthur"]
[Black "Kazmaier, Daniel"]
[Result "0-1"]
[WhiteElo "1955"]
[BlackElo "1692"]
[PlyCount "60"]
[GameId "2160767911484910"]
[EventDate "2001.11.17"]
[EventType "swiss"]
[EventRounds "5"]
[EventCountry "CAN"]

1. e4 c5 2. Nf3 Nc6 3. Bb5 d6 4. d4 cxd4 5. Qxd4 Bd7 6. Bxc6 Bxc6 7. Nc3 Nf6 8. O-O e6 9. b3 Be7 10. Bb2 O-O 11. Rfe1 Qc7 12. Rad1 Rad8 13. Qxa7 Nxe4 14. Qe3 Nf6 15. Nd4 d5 16. h3 Rfe8 17. Nxc6 Qxc6 18. Qe2 Bb4 19. Nb5 Bxe1 20. Rxe1 e5 21. a4 d4 22. Na3 Nd5 23. Qg4 Rd6 24. Nc4 Rg6 25. Qf3 Nf4 26. Qxc6 bxc6 27. Bxd4 Rxg2+ 28. Kf1 Rh2 29. Kg1 Rxh3 30. a5 Re6 0-1

[Event "Southern Alberta op"]
[Site "Calgary CAN"]
[Date "2001.11.18"]
[Round "5"]
[White "Smith, Mike"]
[Black "Pivovarov, Juraj"]
[Result "0-1"]
[WhiteElo "1559"]
[BlackElo "1843"]
[PlyCount "80"]
[GameId "2160767911484911"]
[EventDate "2001.11.17"]
[EventType "swiss"]
[EventRounds "5"]
[EventCountry "CAN"]

1. d4 Nf6 2. c4 g6 3. Nc3 d5 4. Nf3 Bg7 5. Bf4 O-O 6. cxd5 Nxd5 7. Be5 Bf5 8. Nxd5 Qxd5 9. Bxc7 Nc6 10. a3 Nxd4 11. Nxd4 Qxd4 12. Qxd4 Bxd4 13. Bf4 Rfd8 14. Bc1 Bc2 15. e3 Bf6 16. Be2 Rd6 17. O-O Bb3 18. f4 Rc8 19. g4 Rc2 20. Bf3 b6 21. Bd1 Rdc6 22. Bxc2 Bxc2 23. Rf2 Bh4 24. Rd2 Be4 25. b4 f6 26. Bb2 Bf3 27. h3 Re6 28. Bd4 Rc6 29. b5 Rc4 30. Rd3 Rc2 31. Bc3 Bf2+ 32. Kh2 Be1+ 33. Kg1 Bxc3 34. Rb1 Be4 35. Rd8+ Kf7 36. Rbd1 Ra2 37. Rh8 h5 38. Rh7+ Ke6 39. gxh5 gxh5 40. Rxh5 Bf3 0-1

[Event "Spring Frost"]
[Site "Ottawa CAN"]
[Date "2001.02.22"]
[Round "1"]
[White "Pacey, Kevin"]
[Black "Djerkovic, Miladin"]
[Result "1-0"]
[WhiteElo "2333"]
[BlackElo "2261"]
[PlyCount "61"]
[GameId "2160767911610437"]
[EventDate "2001.02.22"]
[EventType "tourn"]
[EventRounds "6"]
[EventCountry "CAN"]

1. e4 c5 2. Nf3 e6 3. Nc3 a6 4. g3 b5 5. Bg2 Bb7 6. d3 d6 7. O-O Nf6 8. Ng5 h6 9. Nh3 Nc6 10. f4 Qc7 11. f5 b4 12. Nb1 exf5 13. Rxf5 Be7 14. Nd2 O-O 15. Nc4 Rad8 16. g4 Bc8 17. g5 hxg5 18. Rxg5 Bxh3 19. Bxh3 d5 20. exd5 Nxd5 21. Rxg7+ Kxg7 22. Qg4+ Kh8 23. Qh5+ Kg8 24. Bf5 Nf6 25. Qg5+ Kh8 26. Qh6+ Kg8 27. Bf4 Qxf4 28. Qxf4 Rd4 29. Qg5+ Kh8 30. Qh6+ Kg8 31. Kh1 1-0

[Event "Spring Frost"]
[Site "Ottawa CAN"]
[Date "2001.03.08"]
[Round "3"]
[White "Pacey, Kevin"]
[Black "Barclay, Wayne"]
[Result "1-0"]
[WhiteElo "2323"]
[BlackElo "2243"]
[PlyCount "79"]
[GameId "2160767911610438"]
[EventDate "2001.02.22"]
[EventType "tourn"]
[EventRounds "6"]
[EventCountry "CAN"]

1. e4 e5 2. Nf3 Nc6 3. Bc4 Bc5 4. b4 Bxb4 5. c3 Ba5 6. d4 exd4 7. Qb3 Qf6 8. O-O Bb6 9. cxd4 Nxd4 10. Nxd4 Bxd4 11. e5 Qg6 12. Nc3 Ne7 13. Ba3 Bxc3 14. Qxc3 b6 15. Bxe7 Kxe7 16. Bd3 Qc6 17. Qb4+ Qc5 18. Qe4 c6 19. Rac1 Qa3 20. Qh4+ Ke8 21. Rfd1 Bb7 22. Bf5 Rd8 23. Qg5 g6 24. Qf6 Rg8 25. e6 fxe6 26. Bxe6 Rf8 27. Bf7+ Rxf7 28. Re1+ Re7 29. Qh8+ Kf7 30. Qxd8 d5 31. Qh8 h5 32. Qb8 a5 33. Qd8 b5 34. Rxe7+ Qxe7 35. Qxa5 Kg7 36. Re1 Qd7 37. Qb4 Kf7 38. Qf4+ Kg7 39. Qe5+ Kh6 40. Qh8+ 1-0

[Event "Spring Frost"]
[Site "Ottawa CAN"]
[Date "2001.03.15"]
[Round "4"]
[White "Djerkovic, Miladin"]
[Black "Pacey, Kevin"]
[Result "1/2-1/2"]
[WhiteElo "2261"]
[BlackElo "2323"]
[PlyCount "76"]
[GameId "2160767911610439"]
[EventDate "2001.02.22"]
[EventType "tourn"]
[EventRounds "6"]
[EventCountry "CAN"]

1. e4 e6 2. d4 d5 3. Nc3 Bb4 4. e5 c5 5. a3 Bxc3+ 6. bxc3 Qc7 7. Nf3 b6 8. Bb5+ Bd7 9. Bd3 Ba4 10. O-O Ne7 11. dxc5 bxc5 12. c4 Nd7 13. cxd5 Nxd5 14. Qe2 c4 15. Bxc4 Nc3 16. Qd3 Rc8 17. Qxc3 Qxc4 18. Qb4 Bxc2 19. Be3 Qxb4 20. axb4 a6 21. Rfc1 Ke7 22. Rxa6 Be4 23. Re1 Bxf3 24. gxf3 Nxe5 25. Bg5+ f6 26. Rxe5 Kf7 27. Bxf6 gxf6 28. Rexe6 Rc1+ 29. Kg2 Rg8+ 30. Kh3 Rg6 31. Re4 Rh6+ 32. Rh4 Rxh4+ 33. Kxh4 Rc4+ 34. Kh5 Rxb4 35. Ra7+ Kg8 36. Ra1 Rc4 37. Rg1+ Kf7 38. Rg3 Rf4 1/2-1/2

[Event "Spring Frost"]
[Site "Ottawa CAN"]
[Date "2001.03.22"]
[Round "5"]
[White "Pacey, Kevin"]
[Black "Patterson, Roger"]
[Result "1-0"]
[WhiteElo "2323"]
[BlackElo "2266"]
[PlyCount "41"]
[GameId "2160767911610440"]
[EventDate "2001.02.22"]
[EventType "tourn"]
[EventRounds "6"]
[EventCountry "CAN"]

1. e4 c5 2. Nc3 e6 3. g3 d5 4. exd5 exd5 5. Bg2 Nf6 6. d3 Be7 7. Nge2 d4 8. Ne4 Nxe4 9. dxe4 O-O 10. O-O Nc6 11. Nf4 b5 12. e5 Bb7 13. Be4 Na5 14. Qd3 Bxe4 15. Qxe4 Qd7 16. e6 fxe6 17. Nxe6 Rfe8 18. f4 Rac8 19. f5 Nc6 20. Bf4 Bd6 21. Qd5 1-0

[Event "Spring Frost"]
[Site "Ottawa CAN"]
[Date "2001.03.29"]
[Round "6"]
[White "Barclay, Wayne"]
[Black "Pacey, Kevin"]
[Result "0-1"]
[WhiteElo "2243"]
[BlackElo "2323"]
[PlyCount "126"]
[GameId "2160767911610441"]
[EventDate "2001.02.22"]
[EventType "tourn"]
[EventRounds "6"]
[EventCountry "CAN"]

1. d4 Nf6 2. Nf3 e6 3. Bg5 c5 4. c3 Qb6 5. Bxf6 gxf6 6. Qb3 Nc6 7. e3 cxd4 8. Qxb6 axb6 9. exd4 d5 10. Be2 Bd7 11. O-O Na5 12. Nbd2 b5 13. Rfe1 Bh6 14. Bd3 Ke7 15. Re2 Kd6 16. Rae1 Bc6 17. b3 b6 18. h4 Ra7 19. Nb1 Nb7 20. Nh2 Kd7 21. Ng4 Bg7 22. a3 h6 23. Re3 f5 24. Ne5+ Bxe5 25. Rxe5 Nd6 26. R5e2 Rg8 27. Kh2 Raa8 28. g3 Rg7 29. Rg1 Rag8 30. Nd2 Ne4 31. Nf3 f6 32. Bxe4 dxe4 33. Nd2 Ra8 34. Ra1 Kd6 35. Ra2 Rga7 36. Nb1 Bd5 37. Rab2 Rg7 38. Rec2 e3 39. fxe3 Rag8 40. Rg2 Bxg2 41. Rxg2 Kd5 42. Nd2 Ra7 43. c4+ bxc4 44. bxc4+ Kc6 45. Nb1 Ra4 46. Rc2 f4 47. exf4 Rd8 48. d5+ exd5 49. cxd5+ Kb7 50. Rc6 Rxd5 51. Rxf6 Rc4 52. Rxh6 Rc1 53. h5 Rxb1 54. Rh8 Rb3 55. h6 Rxa3 56. Kh3 Ra8 57. Rh7+ Kc6 58. Kh4 b5 59. Rg7 b4 60. g4 b3 61. Re7 b2 62. Re1 Ra1 63. h7 Rxe1 0-1

[Event "Spring into Summer II"]
[Site "Toronto CAN"]
[Date "2001.05.25"]
[Round "6"]
[White "Sviridovitch, Alina"]
[Black "Henderson, Fred"]
[Result "0-1"]
[WhiteElo "1771"]
[BlackElo "1906"]
[PlyCount "110"]
[GameId "2160767911564457"]
[EventDate "2001.06.29"]
[EventType "swiss"]
[EventRounds "6"]
[EventCountry "CAN"]
[SourceTitle "CFC 2001.08"]
[Source "CFC"]
[SourceDate "2001.08.??"]
[SourceVersionDate "2001.08.??"]
[SourceQuality "1"]

1. e4 c6 2. d4 d5 3. exd5 cxd5 4. c4 e6 5. Nc3 Nf6 6. Bg5 Be7 7. Nf3 O-O 8. Qc2 Nc6 9. cxd5 Nxd5 10. Bxe7 Ncxe7 11. Bc4 b6 12. O-O Bb7 13. Ng5 g6 14. Rfe1 Rc8 15. Bb3 Nf5 16. Qd2 Nxd4 17. Nxf7 Nxb3 18. Nxd8 Nxd2 19. Nxb7 Nxc3 20. bxc3 Rxc3 21. Rxe6 Rfc8 22. Nd6 Rc1+ 23. Re1 Rxa1 24. Rxa1 Rc2 25. Nb5 a6 26. Nd4 Rb2 27. f3 Nb1 28. Nc6 Nc3 29. a3 Rb1+ 30. Rxb1 Nxb1 31. Kf1 Nxa3 32. Ke2 Kf7 33. Kd3 Ke6 34. Kc3 Kd6 35. Nd8 Kd5 36. Nf7 a5 37. Ng5 h5 38. Nf7 Nc4 39. Nh8 b5 40. Nxg6 b4+ 41. Kb3 Nd2+ 42. Kc2 Nf1 43. Nf4+ Kc4 44. Ng6 Ne3+ 45. Kb1 Kc3 46. Nf4 b3 47. Ne2+ Kb4 48. Nc1 a4 49. Nd3+ Kc3 50. Nc5 a3 51. Ne4+ Kb4 52. Nd2 a2+ 53. Kb2 Nc4+ 54. Nxc4 Kxc4 55. g4 Kd3 0-1

[Event "Spring into Summer op"]
[Site "Calgary CAN"]
[Date "2001.05.29"]
[Round "1"]
[White "Pivovarov, Juraj"]
[Black "Cole, Mark"]
[Result "1-0"]
[WhiteElo "1795"]
[BlackElo "1301"]
[PlyCount "41"]
[GameId "2160767911564585"]
[EventDate "2001.05.29"]
[EventType "swiss"]
[EventRounds "5"]
[EventCountry "CAN"]

1. c4 e5 2. g3 g6 3. e4 Bg7 4. Bg2 Ne7 5. Nc3 c6 6. Nge2 O-O 7. d3 d6 8. Be3 Be6 9. O-O Nd7 10. f4 Bh6 11. Qd2 Nf6 12. h3 Qd7 13. fxe5 Bxe3+ 14. Qxe3 Nh5 15. exd6 Qxd6 16. g4 Ng7 17. e5 Qd7 18. Ne4 Ne8 19. Nf6+ Nxf6 20. exf6 b6 21. Qh6 1-0

[Event "Spring into Summer op"]
[Site "Calgary CAN"]
[Date "2001.06.05"]
[Round "2"]
[White "Flemming, Jim"]
[Black "Pivovarov, Juraj"]
[Result "1-0"]
[WhiteElo "1965"]
[BlackElo "1795"]
[PlyCount "37"]
[GameId "2160767911564586"]
[EventDate "2001.05.29"]
[EventType "swiss"]
[EventRounds "5"]
[EventCountry "CAN"]

1. d4 Nf6 2. c4 g6 3. Nc3 d5 4. Bg5 Ne4 5. Bh4 Nxc3 6. bxc3 c6 7. e3 Bg7 8. Nf3 Nd7 9. Bd3 Qa5 10. Qb3 e5 11. cxd5 exd4 12. exd4 cxd5 13. O-O O-O 14. Rfe1 Nb6 15. Be7 Bd7 16. Bxf8 Bxf8 17. Ne5 Rc8 18. Nxd7 Nxd7 19. c4 1-0

[Event "Spring into Summer op"]
[Site "Calgary CAN"]
[Date "2001.06.12"]
[Round "3"]
[White "Smith, Mike"]
[Black "Pivovarov, Juraj"]
[Result "0-1"]
[WhiteElo "1607"]
[BlackElo "1795"]
[PlyCount "52"]
[GameId "2160767911564587"]
[EventDate "2001.05.29"]
[EventType "swiss"]
[EventRounds "5"]
[EventCountry "CAN"]

1. d4 Nf6 2. c4 g6 3. Nc3 d5 4. Nf3 Bg7 5. Bf4 O-O 6. e3 c5 7. Rc1 Qa5 8. Bd3 dxc4 9. Bxc4 Ne4 10. O-O Nxc3 11. bxc3 Nc6 12. Qb3 cxd4 13. cxd4 h6 14. Qd3 e6 15. e4 Bd7 16. d5 exd5 17. Bxd5 Rac8 18. Qb3 a6 19. Bd6 Nd4 20. Nxd4 Bxd4 21. Bxf8 Rxc1 22. Bb4 Rxf1+ 23. Kxf1 Bb5+ 24. Ke1 Qc7 25. Qf3 Qc1+ 26. Qd1 Bxf2+ 0-1

[Event "Spring into Summer op"]
[Site "Calgary CAN"]
[Date "2001.06.19"]
[Round "4"]
[White "Pivovarov, Juraj"]
[Black "Tam, Eric"]
[Result "0-1"]
[WhiteElo "1795"]
[BlackElo "1900"]
[PlyCount "42"]
[GameId "2160767911564588"]
[EventDate "2001.05.29"]
[EventType "swiss"]
[EventRounds "5"]
[EventCountry "CAN"]

1. e4 e6 2. d4 d5 3. e5 c5 4. c3 Nc6 5. Nf3 Qb6 6. Bd3 Bd7 7. O-O cxd4 8. Qe2 a6 9. a3 Rc8 10. b4 dxc3 11. Be3 Qc7 12. Kh1 Nge7 13. Rc1 Ng6 14. Rxc3 Ngxe5 15. Bf4 Bd6 16. Bxe5 Bxe5 17. Rxc6 Qxc6 18. Qxe5 Qc1+ 19. Ng1 O-O 20. Ra2 Bb5 21. Qg3 Qxg1+ 0-1

[Event "Spring into Summer op"]
[Site "Calgary CAN"]
[Date "2001.06.26"]
[Round "5"]
[White "Clark, Chris"]
[Black "Pivovarov, Juraj"]
[Result "1-0"]
[WhiteElo "1500"]
[BlackElo "1795"]
[PlyCount "93"]
[GameId "2160767911564589"]
[EventDate "2001.05.29"]
[EventType "swiss"]
[EventRounds "5"]
[EventCountry "CAN"]

1. d4 Nf6 2. Nf3 d5 3. e3 Bf5 4. c4 c6 5. Nbd2 e6 6. Nh4 Bg4 7. Qc2 Nbd7 8. cxd5 exd5 9. Bd3 Qc7 10. f3 Bh5 11. O-O Bd6 12. f4 O-O-O 13. Nf5 Bf8 14. a3 g6 15. Ng3 Bd6 16. Nxh5 Nxh5 17. Nf3 f5 18. Ng5 Rde8 19. Nf7 Rhf8 20. Nxd6+ Qxd6 21. Be2 Ndf6 22. Bd2 Ng4 23. Bxg4 fxg4 24. Bb4 Qe6 25. Bxf8 g3 26. h3 Rxf8 27. Qd3 Ng7 28. b4 Nf5 29. Rf3 h5 30. Rc1 h4 31. Kf1 Re8 32. Ke2 Nd6 33. b5 Nc4 34. bxc6 Qxc6 35. f5 Rf8 36. fxg6 Rxf3 37. gxf3 Qf6 38. Rxc4+ dxc4 39. Qxc4+ Kd7 40. Qf7+ Qxf7 41. gxf7 Ke7 42. d5 b5 43. e4 a5 44. e5 b4 45. e6 b3 46. d6+ Kf8 47. d7 1-0

[Event "Spring into Summer op"]
[Site "Calgary CAN"]
[Date "2001.06.29"]
[Round "5"]
[White "Smith, Mike"]
[Black "Milward, David"]
[Result "1-0"]
[WhiteElo "1607"]
[BlackElo "1718"]
[PlyCount "51"]
[GameId "2160767911564590"]
[EventDate "2001.05.29"]
[EventType "swiss"]
[EventRounds "5"]
[EventCountry "CAN"]

1. d4 Nf6 2. c4 g6 3. Nc3 Bg7 4. e4 d6 5. f4 O-O 6. Nf3 c5 7. d5 Na6 8. Be2 Nc7 9. O-O e6 10. dxe6 Bxe6 11. Ng5 a6 12. Nxe6 Nxe6 13. f5 Nd4 14. Bd3 Qc7 15. Bg5 Qb8 16. Bxf6 Bxf6 17. Nd5 Be5 18. Qd2 b5 19. Qh6 Bg7 20. Qh3 bxc4 21. Bxc4 Ra7 22. f6 Bh8 23. Ne7+ Rxe7 24. fxe7 Re8 25. Rxf7 Bg7 26. Rf8# 1-0

[Event "St. Valentine's Day U1500"]
[Site "Toronto CAN"]
[Date "2001.02.09"]
[Round "1"]
[White "Vlasov, Nikolay"]
[Black "Pancer, Jeff"]
[Result "1-0"]
[WhiteElo "1000"]
[BlackElo "1307"]
[PlyCount "100"]
[GameId "2160767911610502"]
[EventDate "2001.02.09"]
[EventType "swiss"]
[EventRounds "5"]
[EventCountry "CAN"]

1. e4 d6 2. d4 e6 3. Nf3 h6 4. Nc3 g5 5. h3 a6 6. a4 a5 7. Be3 b6 8. d5 e5 9. Bb5+ Bd7 10. Qd3 Bxb5 11. Qxb5+ Qd7 12. Qxd7+ Kxd7 13. Nd2 Ra6 14. f3 c6 15. dxc6+ Nxc6 16. Nd5 Nd4 17. Kd1 Ne7 18. Nxe7 Bxe7 19. Bxd4 exd4 20. Nb3 Bf6 21. Kd2 Rc8 22. Kd3 d5 23. exd5 Kd6 24. Rhe1 Ra7 25. Re4 Rac7 26. Rc1 Kxd5 27. Nxd4 Rc4 28. Nf5 Rxe4 29. fxe4+ Ke6 30. c3 h5 31. Nd4+ Bxd4 32. Kxd4 Rd8+ 33. Ke3 f6 34. g3 Rb8 35. Ra1 Kf7 36. b4 Kg6 37. Rb1 Re8 38. bxa5 bxa5 39. Rb5 Rc8 40. Kd4 Rd8+ 41. Rd5 Rb8 42. Rxa5 Rb1 43. Ra8 Rd1+ 44. Kc4 Re1 45. Kd3 Rg1 46. a5 Rxg3+ 47. Kd4 Rxh3 48. a6 g4 49. a7 g3 50. Rg8+ Kf7 1-0